Hablemos del sida en la escuela [cd-rom]

Guardado en:
Formato: Libro
Publicado: Buenos Aires : Ministerio de Educación, 2005
Series:Colección Educ.ar; no. 8
Materias:
Vih
Its
Etiquetas: Agregar Etiqueta
Sin Etiquetas, Sea el primero en etiquetar este registro!
LEADER 00905nam a22002295a 4500
001 CEM.cems018044
005 20130905123322.0
008 130507s2005##################000#0#####d
003 CEMS
020 |a 9789872145873 
082 0 4 |a CD616.86 
245 0 0 |a Hablemos del sida en la escuela [cd-rom] 
260 |a Buenos Aires :  |b Ministerio de Educación,  |c 2005 
300 |a 1 CD-ROM 
490 0 |a Colección Educ.ar; no. 8 
505 0 |a La problemática del VIH/sida en la escuela enfocada desde distintas propuestas para chicos y adolescentes, con un video educativo, consignas para la discusión en el aula, talleres de reflexión y el aporte teórico de destacados especialistas. 
653 |a Vih 
653 |a Sida 
653 |a Síndrome de inmunodeficiencia adquirida 
653 |a Its 
653 |a Infecciones de transmisión sexual 
859 |a CEMS  |b BIB. CEMS - Agricultura  |h CD616.86  |i Ar37  |p A0077.013  |t Ej.1